MARC

LEADER 00000nam0a2200000 4500
001 27967
005 20231030202521.0
010 |a 9856182026 
035 |a (RuTPU)RU\TPU\book\28222 
035 |a BOOK00028297 
090 |a 27967 
100 |a 20011209d1995 m y0rusy50 ca 
101 0 |a rus 
102 |a BY 
105 |a a j 001zy 
200 1 |a Введение в теорию экспертных систем и обработку знаний  |e учебное пособие для вузов  |f О. В. Герман 
210 |a Минск  |c Дизайн ПРО  |d 1995 
215 |a 255 с.  |c ил. 
225 1 |a Ученый. Инженер. Студент. Учащийся 
320 |a Библиогр.: с. 250-252. 
610 1 |a автоматика 
610 1 |a экспертные системы 
610 1 |a разработка 
610 1 |a теория 
610 1 |a архитектура 
610 1 |a неклассические логики 
610 1 |a правдоподобные рассуждения 
610 1 |a моделирование 
610 1 |a Turbo Prolog 2.0 
610 1 |a базы знаний 
610 1 |a учебные пособия 
675 |a 681.518.2(075.8)  |v 3 
675 |a 681.3.01(075.8)  |v 3 
700 1 |a Герман  |b О. В.  |g Олег Витольдович 
801 0 |a RU  |b 63413507  |c 20011209  |g PSBO 
801 2 |a RU  |b 63413507  |c 20111215  |g PSBO 
942 |c BK